000 01083nam a22003137c 4500
003 EG-GICUC
005 20260203100533.0
008 260203s1907 -uk|| rfr|| 001 1 0neng d
040 _aEG-GiCUC
_beng
_cEG-GiCUC
_dEG-GiCUC
_erda
041 0 _aeng
082 0 4 _221
_a341.81
_bPI . N
092 0 4 _221
099 _aLaw1 12 341.81 PI . N 1907
100 1 _aPiggott, Francis
_eAuthor.
245 0 4 _aNationality :
_b Including Naturalization And English Law On The High Seas And Beyond The Realm.
_pNationality and naturalization,
_nPart I /
_c By Sir Francis Piggott.
264 1 _aLondon :
_bWilliam Clowes And Sons,
_c1907.
300 _a379 pages,
_c24 cm.
336 _2rda content
_atext
337 _2rda media
_aComputer
338 _2rda carrier
_aOnline Resource
500 _aIn Two Parts.
504 _aIncludes bibliographical references and index.
546 _aText in English
650 1 4 _aPrivate international law
_2
651 1 _2
856 4 0 _uhttps://fll.law.cu.edu.eg/fulltext/bks/B12-02379.pdf
905 _a48
942 _2ddc
_cBK
_e21
_n0
999 _c60439
_d60439